| 000 | 00381nam a2200157Ia 4500 | ||
|---|---|---|---|
| 008 | 230312s9999||||xx |||||||||||||| ||und|| | ||
| 020 | _a0-07-163827-2 | ||
| 082 |
_a612 _bMUR-H |
||
| 100 | _aMurry,Robert.K | ||
| 245 | 0 | _aHarper's Illustrated Biochemistry | |
| 260 |
_bMcGraw Hill _aUSA _c2009 |
||
| 300 | _a693 | ||
| 546 | _aEng. | ||
| 650 |
_aMedical _vBiochemistry |
||
| 942 | _cBK | ||
| 999 |
_c5046 _d5046 |
||